<?xml version="1.0" encoding="UTF-8"?><?xml-stylesheet type="text/xsl" href="static/style.xsl"?><OAI-PMH xmlns="http://www.openarchives.org/OAI/2.0/" xmlns:xsi="http://www.w3.org/2001/XMLSchema-instance" xsi:schemaLocation="http://www.openarchives.org/OAI/2.0/ http://www.openarchives.org/OAI/2.0/OAI-PMH.xsd"><responseDate>2026-06-29T03:13:40Z</responseDate><request verb="GetRecord" identifier="oai:docta.ucm.es:20.500.14352/108396" metadataPrefix="marc">https://docta.ucm.es/rest/oai/request</request><GetRecord><record><header><identifier>oai:docta.ucm.es:20.500.14352/108396</identifier><datestamp>2025-03-18T14:20:00Z</datestamp><setSpec>com_20.500.14352_14</setSpec><setSpec>col_20.500.14352_18</setSpec></header><metadata><record xmlns="http://www.loc.gov/MARC21/slim" xmlns:dcterms="http://purl.org/dc/terms/" xmlns:xsi="http://www.w3.org/2001/XMLSchema-instance" xmlns:doc="http://www.lyncode.com/xoai" xsi:schemaLocation="http://www.loc.gov/MARC21/slim http://www.loc.gov/standards/marcxml/schema/MARC21slim.xsd">
   <leader>00925njm 22002777a 4500</leader>
   <datafield ind2=" " ind1=" " tag="042">
      <subfield code="a">dc</subfield>
   </datafield>
   <datafield ind2=" " ind1=" " tag="720">
      <subfield code="a">Aguilar Fernández, Susana</subfield>
      <subfield code="e">author</subfield>
   </datafield>
   <datafield ind2=" " ind1=" " tag="260">
      <subfield code="c">2019</subfield>
   </datafield>
   <datafield ind2=" " ind1=" " tag="520">
      <subfield code="a">Este trabajo ofrece una primera aproximación al estado de la cuestión sobre los resultados políticos de los movimientos sociales en España mediante una
revisión bibliográfica de las dos únicas revistas internacionales centradas en movimientos sociales, y de tres de las mejores revistas españolas en sociología
y ciencia política, a lo largo del período 1978-2015. De los más de 3.000 artículos publicados, solo un pequeño número versa sobre el tema objeto de estudio. Tras su análisis en profundidad se concluye que en la mayoría de los casos no se pueden extraer conclusiones rigurosas acerca de si los movimientos sociales consiguen resultados políticos y, por consiguiente, si son políticamente relevantes. La incorporación de ciertos elementos del policy analysis puede contribuir a mejorar el conocimiento sobre este tema.</subfield>
   </datafield>
   <datafield ind1="8" ind2=" " tag="024">
      <subfield code="a">Aguilar S. ¿Son políticamente relevantes los movimientos sociales? Una aproximación al caso español, en Díez, R. y Betancor, G. (eds.) Movimientos sociales, acción colectiva y cambio social en perspectiva. Betiko y Federación Española de Sociología</subfield>
   </datafield>
   <datafield ind1="8" ind2=" " tag="024">
      <subfield code="a">978-84-09-09287-1</subfield>
   </datafield>
   <datafield ind1="8" ind2=" " tag="024">
      <subfield code="a">https://hdl.handle.net/20.500.14352/108396</subfield>
   </datafield>
   <datafield ind1="8" ind2=" " tag="024">
      <subfield code="a">https://fundacionbetiko.org/analisis/</subfield>
   </datafield>
   <datafield ind1="8" ind2=" " tag="024">
      <subfield code="a">https://recyt.fecyt.es/index.php/res/article/view/76282</subfield>
   </datafield>
   <datafield ind2="0" ind1="0" tag="245">
      <subfield code="a">¿Son políticamente relevantes los movimientos sociales?: una aproximación al caso español</subfield>
   </datafield>
</record></metadata></record></GetRecord></OAI-PMH>